| 000 | 00580nam a2200217 a 4500 | ||
|---|---|---|---|
| 005 | 20240925070050.0 | ||
| 008 | 020910s1997 mx r 000 0 spa d | ||
| 020 | _a8483160153 (v.1) | ||
| 020 | _a8483163020 (v.2) | ||
| 035 | _aUPN01000119003 | ||
| 049 | _aCG | ||
| 050 | 4 |
_aBD232 _bV3.4 |
|
| 245 | 0 | 0 |
_aValores para vivir / _ccoord. Eduard Romero Pedra. |
| 260 |
_aMadrid : _bCCS, _c1997. |
||
| 300 |
_a2 v. : _bil. |
||
| 440 | 0 |
_aEscuela de animación ; _v4, 25 |
|
| 650 | 4 |
_aValores _9308 |
|
| 650 | 4 | _aVIRTUD | |
| 700 | 1 |
_aRomero Pedra, Eduard, _ecoord. |
|
| 905 | _aLibro | ||
| 999 |
_c91363 _d91363 |
||